Petit Bac par la lettre A - Statistiques

Statistiques générales
  • Ce quiz a été pris 558 fois
  • Le résultat moyen est 20 sur 170
Statistiques - réponses
Indices Réponses % Correct
Personnage Disney Anna
75%
Personnage Disney | Prénom fille Alice
53%
Mot anglais Ant
50%
Mot anglais Arm
40%
Verbe Avoir
40%
Prénom garçon Antoine
37%
Verbe Aller
35%
Célébrité | Personnage Disney | Prénom garçon Arthur
34%
Prénom garçon Alexandre
33%
Fruit Ananas
33%
Animal Ane
33%
Fruit Abricot
32%
Personnage Disney Aurore
31%
Marque Adidas
30%
Verbe Aimer
28%
Objet Arc
28%
Personnage Disney Ariel
28%
Métier Agriculteur
26%
Pays, ville, département Albanie
26%
Prénom fille Aline
25%
Pays, ville, département Autriche
25%
Animal Abeille
23%
Personnage Disney Aladdin
23%
Pays, ville, département Ain
22%
Prénom fille Alexandra
22%
Prénom fille Anais
22%
Personnage mythologique Athéna
22%
Prénom fille Ambre
21%
Prénom garçon André
21%
Pays, ville, département Arménie
21%
Prénom garçon Adrien
20%
Prénom garçon Albert
20%
Animal Araignée
20%
Célébrité Adèle
19%
Prénom garçon Alexis
19%
Pays, ville, département Argentine
19%
Prénom fille Agathe
18%
Verbe Apprendre
18%
Légume Aubergine
18%
Prénom fille Audrey
18%
Légume Avocat
18%
Prénom garçon Anthony
17%
Légume Artichaut
17%
Animal Alligator
16%
Dessin animé Anastasia
16%
Animal Antilope
16%
Métier Apiculteur
16%
Prénom fille Aude
16%
Verbe Amener
15%
Animal Anaconda
15%
Pays, ville, département Angers
15%
Personnage mythologique Arès
15%
Légume Asperge
15%
Animal Autruche
15%
Pierre précieuse Améthyste
13%
Personnage mythologique Apollon
13%
Objet Armoire
13%
Pays, ville, département Amiens
12%
Personnage mythologique Artémis
12%
Métier Artiste
12%
Marque Audi
12%
Marque Apple
11%
Animal Aigle
10%
Célébrité Amir
10%
Personnage mythologique Aphrodite
10%
Verbe Apporter
10%
Métier Aviateur
10%
Métier Acteur
9%
Prénom garçon Adam
9%
Légume Ail
9%
Célébrité Alizée
9%
Célébrité Ariana Grande
9%
Objet Assiette
9%
Verbe Attendre
9%
Défaut Avare
9%
Qualité Aimable
8%
Objet Ampoule
8%
Corps humain Annulaire
8%
Personnage historique Aristote
8%
Corps humain Auriculaire
8%
Corps humain Avant bras
8%
Métier Agent
7%
Personnage historique Alexandre le grand
7%
Prénom garçon Alphonse
7%
Prénom fille Andréa
7%
Défaut Arrogant
7%
Objet Arrosoir
7%
Objet Aspirateur
7%
Animal Albatros
6%
Objet Allumette
6%
Prénom fille Apolline
6%
Métier Archéologue
6%
Animal Asticot
6%
Métier Astronaute
6%
Corps humain Abdomen
5%
Verbe Accepter
5%
Pierre précieuse Agate
5%
Mot anglais Alien
5%
Marque Amazon
5%
Fruit Amende
5%
Dessin animé Anatole
5%
Célébrité Artus
5%
Marque Asus
5%
Qualité Adroit
4%
Pays, ville, département Aix en Provence
4%
Pays, ville, département Alpes de Haute Provence
4%
Personnage mythologique Antigone
4%
Objet Ardoise
4%
Dessin animé Arthur et les minimoys
4%
Métier Assistant
4%
Dessin animé Astérix et Obélix
4%
Personnage mythologique Atlas
4%
Verbe Abattre
3%
Marque Acer
3%
Verbe Acquérir
3%
Dessin animé Alvin et les Chipmunks
3%
Qualité Ambitieux
3%
Personnage historique Anne Franck
3%
Corps humain Appendice
3%
Personnage Disney Atchoum
3%
Marque Auchan
3%
Qualité Affectueux
2%
Métier Aide soignant
2%
Défaut Aigris
2%
Célébrité Alexandra Lamy
2%
Marque Aliexpress
2%
Mot espagnol Amarillo
2%
Célébrité Amixem
2%
Corps humain Amygdale
2%
Objet Aquarium
2%
Pays, ville, département Ardèches
2%
Personnage Disney Arlo
2%
Personnage historique Armstrong
2%
Marque Actimel
1%
Corps humain ADN
1%
Dessin animé Age de glace
1%
Objet Agrafe
1%
Personnage historique Albert Camus
1%
Personnage / film Disney Alerte rouge
1%
Célébrité Alexandre Astier
1%
Personnage historique Alexandre Dumas
1%
Personnage historique Angela Merkel
1%
Personnage mythologique Aragon
1%
Personnage mythologique Aramis
1%
Mot allemand Arbeiten
1%
Personnage historique Arthur Rimbaud
1%
Personnage / film Disney Atlantide, l'empire perdu
1%
Qualité Attirant
1%
Célébrité Avicii
1%
Défaut Accusateur
0%
Mot espagnol Aceituna
0%
Personnage mythologique Aggamemnon
0%
Défaut Aggressive
0%
Mot anglais Airplane
0%
Corps humain Aiselle
0%
Personnage historique Alan Turing
0%
Dessin animé Albator 84
0%
Personnage historique Albert de Monaco
0%
Mot espagnol Andalucia
0%
Dessin animé Angelina Ballerina
0%
Dessin animé Angelo la débrouille
0%
Dessin animé Animaniacs
0%
Corps humain Aorte thoracique
0%
Mot allemand Apfel
0%
Corps humain Artère Fémorale
0%
Mot allemand Astronomische
0%
Marque Atol
0%
Aucun quiz correspondant
Distribution des résultats
% des personnes avec chaque résultat
Percentile par nombre de réponses
Votre historique - résultats
Vous n’avez pas pris ce quiz